Statistics for Lana Del Rey - Groupie Love Lyrics

Click here to take the quiz!

General Stats

  • This quiz has been taken 9 times
    (7 since last reset)
  • The average score is 279 of 325

Answer Stats

Answer% Correct
*****
100%
a
100%
after
100%
all
100%
And
100%
and
100%
baby)
100%
baby
100%
beat
100%
club
100%
crowd
100%
do
100%
doin'
100%
every
100%
everybody
100%
for
100%
Groupie
100%
groupie
100%
guitar
100%
hard
100%
have
100%
Havin'
100%
him
100%
I
100%
I'm
100%
in
100%
it
100%
it's
100%
It's
100%
know
100%
like
100%
look
100%
love
100%
me
100%
My
100%
my
100%
next
100%
no
100%
not
100%
notice
100%
of
100%
playin'
100%
share
100%
so
100%
star
100%
sweet
100%
swingin'
100%
that
100%
the
100%
thinkin'
100%
Time
100%
time
100%
to
100%
tryin'
100%
up
100%
We
100%
we
100%
what
100%
When
100%
who
100%
with
100%
writing
100%
You
100%
you
100%
You're
100%
(You're
100%
you're
100%
anything
86%
anything)
86%
babe
86%
bar
86%
day
86%
die
86%
drink
86%
Front
86%
let
86%
lines
86%
livin'
86%
means
86%
nothin'
86%
(Nothin'
86%
pourin'
86%
pretendin'
86%
row
86%
show
86%
Side
86%
side
86%
sometimes
86%
there
86%
'til
86%
trying
86%
want
86%
ain't
71%
are
71%
by
71%
don't
71%
dreams
71%
festivals
71%
hype
71%
is
71%
isn't
71%
life
71%
magic
71%
man
71%
our
71%
perfume
71%
right
71%
right)
71%
She
71%
she
71%
Taking
71%
them
71%
things
71%
This
71%
turning
71%
wonderful?
71%
(Yeah)
71%
(Yeah
71%
along
57%
bae
57%
but
57%
causin'
57%
City
57%
girl
57%
Girl
57%
got
57%
high
57%
Key
57%
lime
57%
migraines
57%
(Oh)
57%
pay
57%
sing
57%
Sing
57%
state
57%
watchin'
57%
actin'
43%
brain
43%
fans
43%
God
43%
grew
43%
irate
43%
minds
43%
on
43%
screamin'
43%
stage
43%
tri
43%
trust?
43%
we're
43%
word
43%
Yamborghini
43%
dang
29%
escape
29%
fire
29%
grade
29%
hooking
29%
made
29%
(Mm)
29%
stay
29%
(That's
29%
That's
29%
though
29%
thug
29%
Uh)
29%
uh)
29%
(Uh
29%

Score Distribution

Percentile by Number Answered

Percent of People with Each Score

Your Score History

You have not taken this quiz since the last reset